[Event "Chess Cruise g/15'"]
[Site "Odessa/Istanbul"]
[Date "2006.08.30"]
[Round "1"]
[White "Drozdovskij, Yuri"]
[Black "Palatnik, Semon"]
[Result "1-0"]
[WhiteElo "2552"]
[BlackElo "2478"]
[PlyCount "49"]
[EventDate "2006.08.30"]
[EventType "tourn (rapid)"]
[EventRounds "11"]
[EventCountry "UKR"]
[EventCategory "11"]
[SourceTitle "CBM 113 Extra"]
[Source "ChessBase"]
[SourceDate "2006.09.14"]
[SourceVersion "1"]
[SourceVersionDate "2006.09.14"]
[SourceQuality "1"]

1. d4 f5 2. g3 Nf6 3. Bg2 g6 4. c4 Bg7 5. Nc3 0-0 6. Nh3 c6 7. 0-0 d6 8. d5 e5 9. dxe6 Bxe6 10. Qb3 Qe7 11. Ng5 Bf7 12. Nxf7 Rxf7 13. Rd1 Na6 14. Bf4 Rd8 15. Qa3 Ne8 16. Bxc6 bxc6 17. Qxa6 Bxc3 18. bxc3 Qxe2 19. Qxc6 Nf6 20. Rxd6 Rxd6 21. Bxd6 Ne4 22. Qe8+ Kg7 23. Be5+ Kh6 24. Rf1 Ng5 25. Bg7+ 1-0

[Event "Chess Cruise g/15'"]
[Site "Odessa/Istanbul"]
[Date "2006.08.30"]
[Round "3"]
[White "Ivanchuk, Vassily"]
[Black "Palatnik, Semon"]
[Result "1-0"]
[WhiteElo "2734"]
[BlackElo "2478"]
[PlyCount "69"]
[EventDate "2006.08.30"]
[EventType "tourn (rapid)"]
[EventRounds "11"]
[EventCountry "UKR"]
[EventCategory "11"]
[SourceTitle "CBM 113 Extra"]
[Source "ChessBase"]
[SourceDate "2006.09.14"]
[SourceVersion "1"]
[SourceVersionDate "2006.09.14"]
[SourceQuality "1"]

1. e4 Nf6 2. e5 Nd5 3. d4 d6 4. c4 Nb6 5. exd6 cxd6 6. Nc3 g6 7. Be3 Bg7 8. Rc1 0-0 9. b3 e5 10. dxe5 dxe5 11. Qxd8 Rxd8 12. c5 N6d7 13. Nf3 Nc6 14. Bc4 Nd4 15. Ng5 Rf8 16. Nce4 Nf5 17. 0-0 Nf6 18. Rfd1 Nxe4 19. Nxe4 Nxe3 20. fxe3 Bh6 21. Kf2 Rb8 22. b4 Kg7 23. Nd6 Bg5 24. Rd5 Bf6 25. b5 Be6 26. Rd3 Be7 27. Bxe6 fxe6+ 28. Ke2 Bxd6 29. cxd6 Rf7 30. Rc7 e4 31. Rd1 Rd8 32. d7 b6 33. Rxa7 Kf6 34. a4 Ke7 35. Rb7 1-0

[Event "US Open-102"]
[Site "Framingham"]
[Date "2001.08.10"]
[Round "7"]
[White "Terrie, Henry L"]
[Black "Palatnik, Semon"]
[Result "0-1"]
[WhiteElo "2157"]
[BlackElo "2489"]
[PlyCount "52"]
[EventDate "2001.08.04"]
[EventType "swiss"]
[EventRounds "9"]
[EventCountry "USA"]
[SourceTitle "CBM 083 Extra"]
[Source "ChessBase"]
[SourceDate "2001.09.11"]
[SourceVersion "1"]
[SourceVersionDate "2001.09.11"]
[SourceQuality "1"]

1. c4 c5 2. Nc3 Nf6 3. Nf3 d5 4. cxd5 Nxd5 5. e3 Nxc3 6. bxc3 g6 7. d4 Bg7 8. Bd3 0-0 9. 0-0 Qc7 10. Qe2 b6 11. Rd1 Nc6 12. Ba3 Na5 13. Rac1 Bb7 14. Nd2 Qc6 15. Be4 Qa4 16. Bxb7 Nxb7 17. Nb1 Rac8 18. c4 cxd4 19. exd4 Rc7 20. Qf3 Rd8 21. c5 Bxd4 22. cxb6 Bxb6 23. Rxd8+ Nxd8 24. Rxc7 Bxc7 25. g3 Nc6 26. Bc5 Qb5 0-1

[Event "Hastings Challengers"]
[Site "Hastings"]
[Date "2000.01.06"]
[Round "9"]
[White "Palatnik, Semon"]
[Black "Van Laatum, Gozewijn"]
[Result "1-0"]
[WhiteElo "2490"]
[BlackElo "2361"]
[PlyCount "89"]
[EventDate "1999.12.29"]
[EventType "swiss"]
[EventRounds "9"]
[EventCountry "ENG"]
[SourceTitle "CBM 074 Extra"]
[Source "ChessBase"]
[SourceDate "2000.03.10"]
[SourceVersion "2"]
[SourceVersionDate "2000.03.10"]
[SourceQuality "1"]

1. d4 Nf6 2. c4 g6 3. Nc3 Bg7 4. e4 d6 5. Be2 0-0 6. Bg5 h6 7. Be3 e5 8. d5 Na6 9. Qd2 Nc5 10. f3 a5 11. 0-0-0 h5 12. h4 Bd7 13. Nh3 a4 14. Nf2 c6 15. dxc6 Bxc6 16. Qxd6 Ncd7 17. Nd3 a3 18. b3 Re8 19. Nb4 Qa5 20. Kc2 Re6 21. Nxc6 bxc6 22. Qd2 Bf8 23. Na4 Bb4 24. Qc1 Nc5 25. Nxc5 Bxc5 26. Rd3 Bd4 27. Bxd4 exd4 28. Rxd4 Qe5 29. Rhd1 c5 30. Rd8+ Re8 31. Rxe8+ Nxe8 32. Rd5 Qg3 33. Qg1 Nc7 34. Rxc5 Rd8 35. Bd3 Qd6 36. Qe3 Na6 37. Rd5 Nb4+ 38. Kc3 Nxd5+ 39. exd5 Qg3 40. Qe7 Rf8 41. d6 Qf2 42. Bc2 Qg1 43. d7 Qa1+ 44. Kd2 Qd4+ 45. Ke2 1-0

[Event "Hastings Challengers"]
[Site "Hastings"]
[Date "1999.12.30"]
[Round "2"]
[White "Almond, Richard"]
[Black "Palatnik, Semon"]
[Result "0-1"]
[WhiteElo "2138"]
[BlackElo "2490"]
[PlyCount "64"]
[EventDate "1999.12.29"]
[EventType "swiss"]
[EventRounds "9"]
[EventCountry "ENG"]
[SourceTitle "CBM 074 Extra"]
[Source "ChessBase"]
[SourceDate "2000.03.10"]
[SourceVersion "2"]
[SourceVersionDate "2000.03.10"]
[SourceQuality "1"]

1. d4 Nf6 2. c4 c5 3. d5 b5 4. cxb5 a6 5. e3 axb5 6. Bxb5 Ba6 7. Bxa6 Nxa6 8. Nc3 g6 9. e4 Qb8 10. f4 d6 11. Nf3 Bg7 12. 0-0 0-0 13. Qe2 Nc7 14. Rd1 Qb7 15. Rb1 Rfb8 16. b3 Nb5 17. Bb2 Nd4 18. Nxd4 cxd4 19. Na4 Nd7 20. Bxd4 Rxa4 21. Bxg7 Qa7+ 22. Kh1 Rxa2 23. Rb2 Rxb2 24. Qxb2 Qe3 25. Bh6 Nf6 26. Qa1 Qxe4 27. Re1 Qxd5 28. Rxe7 Ra8 29. Qe1 Qd4 30. Rc7 Ng4 31. Rc4 Qf2 32. Qc1 Nxh6 0-1

[Event "New York Manhattan"]
[Site "New York"]
[Date "1998.10.11"]
[Round "4"]
[White "Waitzkin, Joshua"]
[Black "Palatnik, Semon"]
[Result "1-0"]
[WhiteElo "2480"]
[BlackElo "2490"]
[PlyCount "73"]
[EventDate "1998.10.??"]
[EventType "tourn"]
[EventRounds "9"]
[EventCountry "USA"]
[EventCategory "8"]
[SourceTitle "EXT 1999"]
[Source "ChessBase"]
[SourceDate "1998.11.16"]
[SourceVersion "1"]
[SourceVersionDate "1998.11.16"]
[SourceQuality "1"]

1. e4 c5 2. Nf3 d6 3. d4 cxd4 4. Nxd4 Nf6 5. Nc3 a6 6. Rg1 Nc6 7. g4 h6 8. h4 Nxd4 9. Qxd4 Bxg4 10. Rxg4 Nxg4 11. Qa4+ b5 12. Nxb5 e6 13. Nc7+ Ke7 14. Nxa8 Qxa8 15. Be2 Nf6 16. Bd3 g5 17. Bd2 Bg7 18. 0-0-0 Rb8 19. Bb4 Ne8 20. c3 Rb6 21. hxg5 hxg5 22. Qa5 Qb7 23. Qxg5+ Bf6 24. Qa5 Be5 25. Qxe5 Rxb4 26. Qg5+ f6 27. Qd2 Rxe4 28. Bxe4 Qxe4 29. Qd4 Qc6 30. Rg1 e5 31. Qa7+ Ke6 32. Qh7 Qf3 33. Rg8 Qf4+ 34. Kb1 Nc7 35. Qxc7 Qe4+ 36. Kc1 Qe1+ 37. Kc2 1-0

[Event "New York Manhattan"]
[Site "New York"]
[Date "1998.10.09"]
[Round "2"]
[White "Bonin, Jay R"]
[Black "Palatnik, Semon"]
[Result "1/2-1/2"]
[WhiteElo "2405"]
[BlackElo "2490"]
[PlyCount "25"]
[EventDate "1998.10.??"]
[EventType "tourn"]
[EventRounds "9"]
[EventCountry "USA"]
[EventCategory "8"]
[SourceTitle "EXT 1999"]
[Source "ChessBase"]
[SourceDate "1998.11.16"]
[SourceVersion "1"]
[SourceVersionDate "1998.11.16"]
[SourceQuality "1"]

1. d4 Nf6 2. c4 c6 3. Nc3 d5 4. Nf3 dxc4 5. a4 Bf5 6. e3 e6 7. Bxc4 Bb4 8. 0-0 Nbd7 9. Qe2 Bg6 10. Rd1 Qc7 11. Bd2 a5 12. Rac1 0-0 13. Bd3 1/2-1/2

[Event "Rishon Le Ziyyon 9798"]
[Site "Rishon Le Ziyyon"]
[Date "1997.12.30"]
[Round "6"]
[White "Brodsky, Michail"]
[Black "Palatnik, Semon"]
[Result "1-0"]
[WhiteElo "2545"]
[BlackElo "2500"]
[PlyCount "61"]
[EventDate "1997.12.25"]
[EventType "swiss"]
[EventRounds "9"]
[EventCountry "ISR"]
[SourceTitle "CBM 062 Extra"]
[Source "ChessBase"]
[SourceDate "1998.03.09"]
[SourceVersion "1"]
[SourceVersionDate "1998.03.09"]
[SourceQuality "1"]

1. e4 Nf6 2. e5 Nd5 3. d4 d6 4. c4 Nb6 5. exd6 cxd6 6. Nc3 g6 7. Be3 Bg7 8. Rc1 0-0 9. Nf3 Bg4 10. Be2 Nc6 11. d5 Bxf3 12. Bxf3 Ne5 13. b3 Nxf3+ 14. Qxf3 e5 15. dxe6 fxe6 16. Qg4 d5 17. Qxe6+ Kh8 18. Nxd5 Re8 19. Qf7 Nxd5 20. Qxd5 Rxe3+ 21. fxe3 Qh4+ 22. g3 Qh3 23. Rc2 Re8 24. Rf1 Rxe3+ 25. Kf2 Bf6 26. Kg1 Re7 27. Rcf2 Rd7 28. Qe4 Re7 29. Qf4 Re6 30. Qb8+ Kg7 31. Rxf6 1-0

[Event "Rishon Le Ziyyon 9798"]
[Site "Rishon Le Ziyyon"]
[Date "1997.12.29"]
[Round "5"]
[White "Palatnik, Semon"]
[Black "Psakhis, Lev"]
[Result "1/2-1/2"]
[WhiteElo "2500"]
[BlackElo "2565"]
[PlyCount "24"]
[EventDate "1997.12.25"]
[EventType "swiss"]
[EventRounds "9"]
[EventCountry "ISR"]
[SourceTitle "CBM 062 Extra"]
[Source "ChessBase"]
[SourceDate "1998.03.09"]
[SourceVersion "1"]
[SourceVersionDate "1998.03.09"]
[SourceQuality "1"]

1. d4 e6 2. c4 d5 3. Nf3 Nf6 4. g3 c6 5. Qc2 Bd6 6. Bg2 Nbd7 7. Bf4 Bxf4 8. gxf4 b6 9. cxd5 cxd5 10. Nc3 0-0 11. 0-0 Bb7 12. Ne5 a6 1/2-1/2

[Event "Mid America Class op"]
[Site "Chicago"]
[Date "1995.??.??"]
[Round "5"]
[White "Chow, Albert"]
[Black "Palatnik, Semon"]
[Result "1/2-1/2"]
[WhiteElo "2300"]
[BlackElo "2490"]
[PlyCount "59"]
[EventDate "1995.??.??"]
[EventType "swiss"]
[EventRounds "5"]
[EventCountry "USA"]
[SourceTitle "EXT 1998"]
[Source "ChessBase"]
[SourceDate "1997.11.17"]
[SourceVersion "1"]
[SourceVersionDate "1997.11.17"]
[SourceQuality "1"]

1. d4 Nf6 2. c4 c5 3. d5 b5 4. cxb5 a6 5. e3 axb5 6. Bxb5 Ba6 7. Bxa6 Nxa6 8. Nc3 g6 9. Nf3 Bg7 10. 0-0 0-0 11. e4 Qb8 12. Qe2 Qb7 13. Bf4 d6 14. Rfd1 Nc7 15. Rac1 Rfb8 16. Rc2 Nb5 17. Nxb5 Qxb5 18. e5 Qxe2 19. Rxe2 dxe5 20. Bxe5 Rd8 21. Bxf6 Bxf6 22. b3 e6 23. Red2 exd5 24. Rxd5 Rxd5 25. Rxd5 Rxa2 26. g4 Rc2 27. Rd3 h6 28. Kg2 Kg7 29. h3 Kf8 30. Re3 1/2-1/2

[Event "North American op"]
[Site "Las Vegas"]
[Date "1995.??.??"]
[Round "3"]
[White "Palatnik, Semon"]
[Black "Akopian, Artak"]
[Result "1/2-1/2"]
[WhiteElo "2490"]
[BlackElo "2110"]
[PlyCount "94"]
[EventDate "1995.12.??"]
[EventType "swiss"]
[EventRounds "6"]
[EventCountry "USA"]
[SourceTitle "EXT 1998"]
[Source "ChessBase"]
[SourceDate "1997.11.17"]
[SourceVersion "1"]
[SourceVersionDate "1997.11.17"]
[SourceQuality "1"]

1. d4 e6 2. c4 d5 3. Nf3 c6 4. Qc2 f5 5. g3 Nf6 6. Bg2 Bd6 7. 0-0 0-0 8. b3 Ne4 9. Ba3 Bxa3 10. Nxa3 Nd7 11. Qb2 Qe7 12. Nc2 g5 13. Rad1 h5 14. Nce1 h4 15. Nd3 Qh7 16. gxh4 gxh4 17. Bh3 Ndf6 18. Kh1 Kh8 19. Rg1 Bd7 20. Nfe5 Rg8 21. Qc1 Ng4 22. Qf4 Raf8 23. Rg2 Nc3 24. Re1 Nf6 25. Rxg8+ Rxg8 26. f3 dxc4 27. bxc4 b5 28. Qd2 bxc4 29. Qxc3 cxd3 30. Qxd3 Nd5 31. Qd2 f4 32. Qb2 Bc8 33. Nxc6 Bb7 34. Ne5 Bc8 35. Bg4 h3 36. Rc1 Qg7 37. Bxh3 Ne3 38. Ng4 Nxg4 39. Bxg4 e5 40. dxe5 Bxg4 41. fxg4 Qxg4 42. e6+ Rg7 43. Rc8+ Kh7 44. Qc2+ Rg6 45. Qc7+ Rg7 46. Qc2+ Rg6 47. Qc7+ Rg7 1/2-1/2

[Event "Mid America Class op"]
[Site "Chicago"]
[Date "1995.??.??"]
[Round "3"]
[White "Shabalov, Alexander"]
[Black "Palatnik, Semon"]
[Result "1-0"]
[WhiteElo "2570"]
[BlackElo "2490"]
[PlyCount "61"]
[EventDate "1995.??.??"]
[EventType "swiss"]
[EventRounds "5"]
[EventCountry "USA"]
[SourceTitle "EXT 1998"]
[Source "ChessBase"]
[SourceDate "1997.11.17"]
[SourceVersion "1"]
[SourceVersionDate "1997.11.17"]
[SourceQuality "1"]

1. d4 f5 2. g3 Nf6 3. Bg2 g6 4. Nf3 Bg7 5. c4 0-0 6. Nc3 d6 7. 0-0 c6 8. Re1 Ne4 9. Nxe4 fxe4 10. Ng5 d5 11. Be3 h6 12. Nh3 g5 13. f3 exf3 14. exf3 dxc4 15. f4 g4 16. Nf2 h5 17. h3 gxh3 18. Be4 Qe8 19. Bf3 Qg6 20. Kh2 Rf5 21. g4 hxg4 22. Rg1 Rh5 23. Bxg4 Bxg4 24. Rxg4 Qh7 25. Qe2 Nd7 26. Rag1 Nf6 27. Qxc4+ Nd5 28. Bc1 Rf8 29. Qe2 Rf6 30. Ne4 Re6 31. f5 1-0

[Event "New York Marshall/Enhance"]
[Site "New York"]
[Date "1994.??.??"]
[Round "4"]
[White "Ashley, Maurice"]
[Black "Palatnik, Semon"]
[Result "1-0"]
[WhiteElo "2475"]
[BlackElo "2495"]
[PlyCount "89"]
[EventDate "1994.??.??"]
[EventType "tourn"]
[EventRounds "5"]
[EventCountry "USA"]
[SourceTitle "EXT 1997"]
[Source "ChessBase"]
[SourceDate "1996.11.15"]
[SourceVersion "1"]
[SourceVersionDate "1996.11.15"]
[SourceQuality "1"]

1. d4 Nf6 2. Nf3 d5 3. c4 c6 4. e3 g6 5. Nc3 Bg7 6. Bd3 0-0 7. 0-0 Bg4 8. h3 Bxf3 9. Qxf3 Qd6 10. Bd2 Nbd7 11. cxd5 cxd5 12. Nb5 Qb6 13. a4 e5 14. a5 Qd8 15. Qd1 a6 16. Nc3 Qe7 17. Qb3 Qe6 18. Ne2 Rfb8 19. Rfc1 b5 20. Bb4 Rc8 21. Qd1 e4 22. Nf4 Qe8 23. Bf1 Bf8 24. Bxf8 Qxf8 25. Qd2 Qd8 26. Ne2 Nf8 27. Nc3 Ne6 28. Na2 Nc7 29. Nb4 Nce8 30. Rxc8 Qxc8 31. Rc1 Qd8 32. Nc6 Qd7 33. Qb4 Qd6 34. Qb3 Kg7 35. Nb4 Qd8 36. Qa2 Nc7 37. Rc6 Qd7 38. Qb3 Nfe8 39. Qc3 Qd8 40. Qc5 Ne6 41. Qxd5 Qxa5 42. Rxe6 Qxb4 43. Qe5+ f6 44. Qxe4 Kf7 45. Qxa8 1-0